000 00538nam a2200229Ia 4500
003 OSt
005 20220928140203.0
006 a|||||r|||| 00| 0
007 ta
008 220927b |||||||| |||| 00| 0 eng d
024 _a7436
037 _cTextual
040 _aSDCL
_cSDCL
_beng
041 _2eng
_aeng
082 _aD6,8(B), N8
100 _aLamb Linda
_9494565
245 0 _aLearning the VI editod
250 _a6
260 _c1998
942 _hD6,8(B), N8
_cTEXL
_2CC
999 _c810520
_d810520